[Event "FIDE WGP Tashkent"]
[Site "Tashkent UZB"]
[Date "2013.09.28"]
[Round "9.3"]
[White "Harika, Dronavalli"]
[Black "Kosteniuk, Alexandra"]
[Result "0-1"]
[WhiteTitle "GM"]
[BlackTitle "GM"]
[WhiteElo "2475"]
[BlackElo "2495"]
[WhiteFideId "5015197"]
[BlackFideId "4128125"]
[EventDate "2013.09.18"]

1. Nf3 Nf6 2. c4 b6 3. g3 Bb7 4. Bg2 c5 5. O-O g6 6. e3 Bg7 7. d4 O-O 8. d5 b5
9. Re1 Ne4 10. Qc2 Nd6 11. cxb5 Qb6 12. a4 Bxd5 13. Nc3 Bxc3 14. Qxc3 Qb7 15. e4
Nxe4 16. Qd3 d6 17. Bh6 Re8 18. Rad1 Nf6 19. a5 Nbd7 20. a6 Qb6 21. Qc3 e6 22.
Bh3 Bxf3 23. Qxf3 d5 24. Bg5 Kg7 25. Qf4 Qxb5 26. Bf1 Qb6 27. Qh4 h5 28. Qf4 e5
29. Bxf6+ Qxf6 30. Qc1 Qc6 31. b4 c4 32. Qc3 f6 33. f4 e4 34. Qd4 Nb6 35. Ra1
Qd6 36. Rab1 Rac8 37. Re3 Rc7 38. Ra3 e3 39. Rxe3 Rxe3 40. Qxe3 d4 41. Qf3 d3
42. f5 Qd4+ 43. Kg2 Nd5 44. fxg6 Ne3+ 45. Kh1 d2 46. Qxh5 Qd5+ 47. Qxd5 Nxd5 48.
Rd1 c3 0-1

[Event "FIDE WGP Tashkent"]
[Site "Tashkent UZB"]
[Date "2013.09.28"]
[Round "9.4"]
[White "Girya, Olga"]
[Black "Ju, Wenjun"]
[Result "1/2-1/2"]
[WhiteTitle "WGM"]
[BlackTitle "WGM"]
[WhiteElo "2439"]
[BlackElo "2535"]
[WhiteFideId "4195752"]
[BlackFideId "8603006"]
[EventDate "2013.09.18"]

1. d4 f5 2. c4 Nf6 3. Nc3 e6 4. g3 Bb4 5. Bd2 O-O 6. Bg2 Qe7 7. e3 Bxc3 8. Bxc3
d6 9. Qc2 e5 10. Ne2 c6 11. O-O e4 12. b4 Be6 13. Bb2 Nbd7 14. Rfc1 Nb6 15. c5
Nc4 16. a4 a6 17. Bc3 g5 18. Be1 d5 19. Qb3 Nh5 20. Rc3 f4 21. exf4 gxf4 22.
Nxf4 Nxf4 23. gxf4 Rxf4 24. Rg3+ Rg4 25. Rxg4+ Bxg4 26. Qg3 Qg7 27. Bc3 Bh5 28.
Bf1 Qxg3+ 29. hxg3 Kf7 30. Rb1 Bg4 31. b5 axb5 32. axb5 Ra3 33. bxc6 bxc6 34.
Be1 Ke6 35. Rc1 Nb2 36. Bd2 Ra4 37. Rb1 Nc4 38. Bh6 Ra2 39. Bg2 Nd2 40. Bxd2
Rxd2 41. Rb6 Rxd4 42. Rxc6+ Ke5 43. Rh6 Rd1+ 44. Kh2 Rd2 45. Kg1 Rc2 46. Rxh7
Rxc5 47. Re7+ Kd4 48. Rg7 Be2 49. Kh2 Kd3 50. g4 d4 51. Re7 e3 52. fxe3 dxe3 53.
Kg3 Kd2 54. Bf3 Bd3 55. Re8 Rc1 56. g5 Rg1+ 57. Kf4 e2 58. Bxe2 Bxe2 59. Rxe2+
Kxe2 60. Kf5 Ke3 61. g6 Kd4 62. Kf6 Kd5 63. g7 Kd6 64. Kf7 Rf1+ 65. Ke8 Rg1 66.
Kf7 Ke5 67. g8=Q Rxg8 68. Kxg8 1/2-1/2

[Event "FIDE WGP Tashkent"]
[Site "Tashkent UZB"]
[Date "2013.09.28"]
[Round "9.5"]
[White "Nakhbayeva, Guliskhan"]
[Black "Danielian, Elina"]
[Result "0-1"]
[WhiteTitle "WGM"]
[BlackTitle "GM"]
[WhiteElo "2307"]
[BlackElo "2470"]
[WhiteFideId "13704788"]
[BlackFideId "13300210"]
[EventDate "2013.09.18"]

1. d4 Nf6 2. c4 e6 3. Nc3 Bb4 4. g3 O-O 5. Bg2 d5 6. Nf3 dxc4 7. O-O c5 8. dxc5
Qa5 9. Qc2 Bxc3 10. Qxc3 Qxc3 11. bxc3 Ne4 12. Ne5 Nxc5 13. Ba3 Nba6 14. Rfd1 f6
15. Nxc4 Rb8 16. Na5 b6 17. Nc6 Rb7 18. Rd2 Rc7 19. Rad1 Bd7 20. Nb4 Bb5 21. f4
Nxb4 22. Bxb4 Rfc8 23. g4 Ba4 24. Rd8+ Kf7 25. Rxc8 Rxc8 26. Rd4 Bb5 27. c4 Be8
28. f5 e5 29. Rd2 Ke7 30. Rd3 Rc7 31. Kf2 h5 32. gxh5 Bxh5 33. Rg3 Kf8 34. Bd5
Bf7 35. e4 Bxd5 36. exd5 Kf7 37. Ke3 Na6 38. d6 Rxc4 39. Ba3 Nc5 40. Rg2 Rc3+ 0-1

[Event "FIDE WGP Tashkent"]
[Site "Tashkent UZB"]
[Date "2013.09.28"]
[Round "9.6"]
[White "Khotenashvili, Bela"]
[Black "Koneru, Humpy"]
[Result "1-0"]
[WhiteTitle "IM"]
[BlackTitle "GM"]
[WhiteElo "2514"]
[BlackElo "2607"]
[WhiteFideId "13602640"]
[BlackFideId "5008123"]
[EventDate "2013.09.18"]

1. d4 Nf6 2. c4 e6 3. Nf3 Bb4+ 4. Bd2 c5 5. Bxb4 cxb4 6. a3 Qe7 7. e3 O-O 8. Be2
b6 9. O-O Bb7 10. axb4 Qxb4 11. Nc3 d5 12. Ne5 dxc4 13. Nxc4 Nbd7 14. Ra4 Qe7
15. Bf3 Nd5 16. Nxd5 exd5 17. Nd2 b5 18. Ra5 Qb4 19. Ra2 a5 20. Nb3 a4 21. Nc1
Qa5 22. Nd3 b4 23. Qd2 b3 24. Qxa5 Rxa5 25. Ra3 Ba6 26. Be2 Rc8 27. Rc1 Rxc1+
28. Nxc1 Bc4 29. Bxc4 dxc4 30. Ne2 Nb6 31. e4 Kf8 32. Nc3 Ra8 33. f3 Rd8 34. d5
Ke7 35. Kf2 Ra8 36. Ke3 f6 37. Kd4 Ra5 38. f4 g6 39. g3 Kd7 40. e5 fxe5+ 41.
fxe5 Ke7 42. Ra1 Kd7 43. Rf1 a3 44. bxa3 b2 45. e6+ Ke7 46. Rf7+ Ke8 47. Rb7
b1=Q 48. Nxb1 Rxd5+ 49. Ke4 Rd6 50. Ke5 Rd5+ 51. Kf6 Rf5+ 52. Kg7 Nd5 53. Nd2
Re5 54. Nxc4 Rxe6 55. Kxh7 Ne7 56. a4 Kf7 57. a5 Re2 58. h4 Ra2 59. Rb6 g5 60.
Ne5+ 1-0

[Event "FIDE WGP Tashkent"]
[Site "Tashkent UZB"]
[Date "2013.09.29"]
[Round "10.1"]
[White "Kosteniuk, Alexandra"]
[Black "Ju, Wenjun"]
[Result "1/2-1/2"]
[WhiteTitle "GM"]
[BlackTitle "WGM"]
[WhiteElo "2495"]
[BlackElo "2535"]
[WhiteFideId "4128125"]
[BlackFideId "8603006"]
[EventDate "2013.09.18"]

1. e4 e5 2. Nf3 Nc6 3. Bb5 a6 4. Ba4 d6 5. c3 Nf6 6. d4 Bd7 7. Nbd2 g6 8. O-O b5
9. Bc2 Bg7 10. dxe5 Nxe5 11. Nxe5 dxe5 12. Nb3 O-O 13. Qe2 Be6 14. Rd1 Qe7 15.
Be3 Nd7 16. Na5 Rfc8 17. Nc6 Qe8 18. a4 Nb6 19. Bxb6 Qxc6 20. Be3 Rd8 21. axb5
axb5 22. Bd3 Rxa1 23. Rxa1 Bc4 24. Bxc4 bxc4 25. Rd1 Rxd1+ 26. Qxd1 Qxe4 27.
Qd8+ Bf8 28. h3 Kg7 29. Bh6+ Kxh6 30. Qxf8+ Kg5 31. Qxf7 Qb1+ 32. Kh2 Qxb2 33.
h4+ Kxh4 34. Qf6+ Kh5 35. Qxe5+ Kh6 36. Qf4+ Kg7 37. Qxc7+ Kf8 38. Qc5+ Ke8 39.
Qxc4 Qxf2 40. Qg8+ Ke7 41. Qxh7+ Kf6 42. Qh8+ Ke6 43. Qg8+ Ke5 44. Qc4 Qe3 45.
Qc7+ Ke6 46. Qc6+ Ke7 47. Qf3 Qe5+ 48. Kh3 Qc5 49. Kg3 Qg5+ 50. Kf2 Qh4+ 51. g3
Qh2+ 52. Qg2 Qh6 53. Qe4+ Kd7 54. Qd5+ Kc8 55. c4 Qh2+ 56. Kf3 Qh1+ 57. Kg4 Qh2
58. Qc6+ Kb8 59. Qb6+ Ka8 60. Qa6+ Kb8 61. Qd6+ Ka8 62. Qe5 Kb7 63. c5 Kc6 64.
Qd6+ Kb5 65. c6 Qh5+ 66. Kf4 Qf5+ 67. Ke3 Qg5+ 68. Kf2 Qf5+ 69. Kg1 Qe4 70. Qb8+
Ka6 71. Qc8+ Kb5 72. Qb8+ Ka6 73. Qb7+ Ka5 74. Kf2 Qf5+ 75. Ke3 Qe5+ 76. Kd2
Qd4+ 77. Kc2 Qc4+ 78. Kb2 Qd4+ 79. Ka2 Qd2+ 80. Kb1 Qd1+ 81. Kb2 Qd2+ 82. Kb1
Qd1+ 1/2-1/2

[Event "FIDE WGP Tashkent"]
[Site "Tashkent UZB"]
[Date "2013.09.29"]
[Round "10.2"]
[White "Danielian, Elina"]
[Black "Girya, Olga"]
[Result "1/2-1/2"]
[WhiteTitle "GM"]
[BlackTitle "WGM"]
[WhiteElo "2470"]
[BlackElo "2439"]
[WhiteFideId "13300210"]
[BlackFideId "4195752"]
[EventDate "2013.09.18"]

1. d4 d5 2. c4 c6 3. Nf3 Nf6 4. Nc3 dxc4 5. a4 Bf5 6. e3 e6 7. Bxc4 Bb4 8. O-O
Nbd7 9. Qe2 Bg6 10. e4 O-O 11. Bd3 Bh5 12. e5 Nd5 13. Nxd5 cxd5 14. Qe3 Bg6 15.
Bxg6 fxg6 16. Ng5 Re8 17. a5 Bxa5 18. Qf3 Nf8 19. Qf7+ Kh8 20. Qxb7 Qb6 21. Nf7+
Kg8 22. Qxb6 Bxb6 23. Nd6 Reb8 24. Be3 Bd8 25. Ra2 Rb4 26. g3 Bb6 27. Rc1 Bxd4
28. Bxd4 Rxd4 29. Rc7 Rb4 30. Ra3 Rxb2 31. Rf3 a5 32. Rff7 a4 33. Rxg7+ Kh8 34.
Rge7 a3 35. Nf7+ Kg7 36. Ng5+ Kh8 37. Nf7+ Kg7 38. Ng5+ Kh8 39. Nf7+ Kg7 1/2-1/2

[Event "FIDE WGP Tashkent"]
[Site "Tashkent UZB"]
[Date "2013.09.29"]
[Round "10.3"]
[White "Koneru, Humpy"]
[Black "Nakhbayeva, Guliskhan"]
[Result "1-0"]
[WhiteTitle "GM"]
[BlackTitle "WGM"]
[WhiteElo "2607"]
[BlackElo "2307"]
[WhiteFideId "5008123"]
[BlackFideId "13704788"]
[EventDate "2013.09.18"]

1. d4 Nf6 2. c4 e6 3. Nc3 Bb4 4. Qc2 O-O 5. Nf3 b6 6. e4 d5 7. e5 Ne4 8. Bd3 Bb7
9. O-O Bxc3 10. bxc3 h6 11. Ba3 Re8 12. Bxe4 dxe4 13. Nd2 Nc6 14. Rab1 f5 15.
exf6 Qxf6 16. Rfe1 Na5 17. Bb4 Qg5 18. Re3 Rac8 19. h4 Qf5 20. Rbe1 Bc6 21. Bxa5
Qxa5 22. Nxe4 Qh5 23. Ng3 Qxh4 24. Qg6 Bd7 25. Nh5 Qg5 26. Qxg5 hxg5 27. Rg3 Kf7
28. Rxg5 g6 29. Nf4 Rg8 30. Re3 Kf6 31. Rge5 Rce8 32. Rf3 Ke7 33. Nd5+ Kd6 34.
Nf6 Ref8 35. Nxg8 Rxg8 36. Rg5 Be8 37. c5+ Ke7 38. Re3 Kf6 39. Rge5 Bf7 40. c4
Rd8 41. Rf3+ Kg7 42. d5 1-0

[Event "FIDE WGP Tashkent"]
[Site "Tashkent UZB"]
[Date "2013.09.29"]
[Round "10.4"]
[White "Lagno, Kateryna"]
[Black "Khotenashvili, Bela"]
[Result "1/2-1/2"]
[WhiteTitle "GM"]
[BlackTitle "IM"]
[WhiteElo "2532"]
[BlackElo "2514"]
[WhiteFideId "14109336"]
[BlackFideId "13602640"]
[EventDate "2013.09.18"]

1. e4 e5 2. Bc4 Nc6 3. Nc3 Nf6 4. d3 d6 5. Nge2 Be7 6. O-O O-O 7. h3 Na5 8. a4
Nxc4 9. dxc4 c6 10. b3 Nh5 11. g4 Nf6 12. Ng3 Ne8 13. Nf5 Bxf5 14. gxf5 Bg5 15.
Ba3 Bh6 16. Qf3 Qf6 17. Rad1 g6 18. Rd3 Kh8 19. Kh1 Rg8 20. Rg1 Rd8 21. fxg6
Qxf3+ 22. Rxf3 fxg6 23. Rd1 Rf8 24. Rxf8+ Bxf8 25. Ne2 Kg8 26. f4 Bg7 27. Kg2
Kf7 28. fxe5 Bxe5 29. Ng1 Ke6 30. Nf3 Bf6 31. Bc1 Ke7 32. Be3 a6 33. Ng5 h5 34.
Kf3 Ng7 35. Rg1 Rg8 36. Ke2 Ne6 37. Nf3 g5 38. Nh4 Be5 39. Nf5+ Kd7 40. Kf3 Kc7
41. Ke2 Kd7 42. Kf3 Kc7 43. Ke2 1/2-1/2

[Event "FIDE WGP Tashkent"]
[Site "Tashkent UZB"]
[Date "2013.09.29"]
[Round "10.5"]
[White "Stefanova, Antoaneta"]
[Black "Zhao, Xue"]
[Result "0-1"]
[WhiteTitle "GM"]
[BlackTitle "GM"]
[WhiteElo "2496"]
[BlackElo "2579"]
[WhiteFideId "2902257"]
[BlackFideId "8601283"]
[EventDate "2013.09.18"]

1. d4 Nf6 2. c4 e6 3. Nc3 Bb4 4. e3 d5 5. Bd3 c5 6. cxd5 Nxd5 7. Ne2 cxd4 8.
exd4 Nc6 9. O-O Be7 10. Be4 Nf6 11. Bf3 O-O 12. a3 h6 13. Be3 Bd6 14. Qc2 Ne7
15. Rac1 Bd7 16. Qb3 Rb8 17. d5 b6 18. dxe6 Bxe6 19. Qa4 Nf5 20. Bf4 Bxf4 21.
Qxf4 Rc8 22. Nb5 g5 23. Qa4 Bd7 24. Nec3 Rc5 25. Qa6 Qc8 26. Bb7 Qb8 27. a4 Re8
28. b4 Ng4 29. g3 Rc4 30. Nd5 Rxc1 31. Rxc1 Qe5 32. Rf1 Nd4 33. Nbc7 Ne2+ 34.
Kh1 Nxf2+ 35. Kg2 Bh3+ 36. Kxf2 Qd4+ 37. Ke1 Qa1+ 38. Kd2 Qb2+ 39. Ke1 Qc1+ 0-1

[Event "FIDE WGP Tashkent"]
[Site "Tashkent UZB"]
[Date "2013.09.29"]
[Round "10.6"]
[White "Harika, Dronavalli"]
[Black "Muminova, Nafisa"]
[Result "1-0"]
[WhiteTitle "GM"]
[BlackTitle "WGM"]
[WhiteElo "2475"]
[BlackElo "2293"]
[WhiteFideId "5015197"]
[BlackFideId "14201526"]
[EventDate "2013.09.18"]

1. Nf3 d5 2. c4 e6 3. d4 Nf6 4. e3 c5 5. Nc3 Nc6 6. cxd5 exd5 7. Bb5 Bd7 8. O-O
a6 9. Bxc6 Bxc6 10. Ne5 Bd6 11. Nxc6 bxc6 12. dxc5 Bxc5 13. b3 O-O 14. Bb2 Bd6
15. Rc1 Qe7 16. Na4 Rac8 17. Bxf6 Qxf6 18. Nc5 a5 19. g3 Qe7 20. Qd4 Be5 21. Qa4
Bd6 22. Qd4 Be5 23. Qd2 Bd6 24. Qc3 h5 25. Rc2 Ra8 26. Qd4 Be5 27. Qa4 Rfc8 28.
Rfc1 Bd6 29. Qd4 Be5 30. Qd1 h4 31. Qg4 hxg3 32. hxg3 Bd6 33. Qd4 Be5 34. Qg4
Bd6 35. Na4 Qb7 36. Qd4 Ba3 37. Rd1 Rab8 38. Qe5 Re8 39. Qc3 Re6 40. Nc5 Bxc5
41. Qxc5 Qa6 42. Qc3 Rh6 43. Kg2 Re8 44. Qd3 Qc8 45. Rh1 Rxh1 46. Kxh1 Qh3+ 47.
Kg1 Re6 48. Qf1 Qg4 49. Rc1 Rh6 50. Re1 Kh8 51. Qg2 Qb4 52. Rf1 Qd2 53. Qf3 Qxa2
54. Qxf7 Qxb3 55. Qf8+ Kh7 56. Qf5+ g6 57. Qd7+ Kg8 58. Qxc6 Qd3 59. Qe8+ Kg7
60. Qe7+ Kg8 61. Rc1 Qf5 62. Qb7 1-0

[Event "FIDE WGP Tashkent"]
[Site "Tashkent UZB"]
[Date "2013.09.30"]
[Round "11.1"]
[White "Ju, Wenjun"]
[Black "Danielian, Elina"]
[Result "1/2-1/2"]
[WhiteTitle "WGM"]
[BlackTitle "GM"]
[WhiteElo "2535"]
[BlackElo "2470"]
[WhiteFideId "8603006"]
[BlackFideId "13300210"]
[EventDate "2013.09.18"]

1. Nf3 d5 2. c4 dxc4 3. e3 Nf6 4. Bxc4 e6 5. d4 c5 6. O-O Nc6 7. dxc5 Qxd1 8.
Rxd1 Bxc5 9. b3 Ke7 10. Bb2 b6 11. Nbd2 Bb7 12. Ne1 Rhd8 13. Be2 Kf8 14. Nd3 Be7
15. Rac1 Rd7 16. Nc4 Rad8 17. f3 Ne8 18. Kf2 f6 19. a4 Nc7 20. Ne1 Rxd1 21. Rxd1
Rxd1 22. Bxd1 Na6 23. Nd3 Ncb4 24. Nxb4 Nxb4 25. Be2 Bc5 26. Ke1 Ke7 27. Kd2 Nd5
28. Ba3 Bxa3 29. Nxa3 Nc7 30. Kc3 Nd5+ 31. Kd2 Nc7 32. Kc3 Nd5+ 33. Kd2 Nc7 1/2-1/2

[Event "FIDE WGP Tashkent"]
[Site "Tashkent UZB"]
[Date "2013.09.30"]
[Round "11.3"]
[White "Zhao, Xue"]
[Black "Harika, Dronavalli"]
[Result "1-0"]
[WhiteTitle "GM"]
[BlackTitle "GM"]
[WhiteElo "2579"]
[BlackElo "2475"]
[WhiteFideId "8601283"]
[BlackFideId "5015197"]
[EventDate "2013.09.18"]

1. d4 e6 2. c4 d5 3. Nc3 Nf6 4. Nf3 Be7 5. Bg5 h6 6. Bh4 O-O 7. e3 Ne4 8. Bg3
Bb4 9. Qc2 c5 10. Bd3 cxd4 11. exd4 Nxg3 12. hxg3 dxc4 13. Bxc4 Nc6 14. Rd1 Bd7
15. g4 Be7 16. a3 Rc8 17. Ba2 Re8 18. Bb1 f5 19. O-O Bf6 20. Rfe1 Ne7 21. Qd3
Qb6 22. Rd2 Qd6 23. Ba2 fxg4 24. Ne4 Qf4 25. Ne5 Bxe5 26. dxe5 Rcd8 27. Nc5 Bc8
28. Qxd8 Rxd8 29. Rxd8+ Kh7 30. Bb1+ g6 31. g3 Qc4 32. Ne4 Kg7 33. Nd6 Qc6 34.
Be4 Qc5 35. Re8 Qxe5 36. Rxe7+ Kf8 37. Nxc8 h5 38. Rd1 1-0

[Event "FIDE WGP Tashkent"]
[Site "Tashkent UZB"]
[Date "2013.09.30"]
[Round "11.5"]
[White "Nakhbayeva, Guliskhan"]
[Black "Lagno, Kateryna"]
[Result "0-1"]
[WhiteTitle "WGM"]
[BlackTitle "GM"]
[WhiteElo "2307"]
[BlackElo "2532"]
[WhiteFideId "13704788"]
[BlackFideId "14109336"]
[EventDate "2013.09.18"]

1. d4 Nf6 2. c4 e6 3. Nc3 Bb4 4. e3 O-O 5. Bd3 d5 6. Nf3 c5 7. O-O dxc4 8. Bxc4
b6 9. Qe2 Bb7 10. Rd1 Qc8 11. a3 Bxc3 12. bxc3 cxd4 13. cxd4 Ba6 14. Bxa6 Qxa6
15. Qa2 Nbd7 16. Bd2 Rfc8 17. Qb1 Qa4 18. Ra2 Rc4 19. Re1 Rac8 20. Qd3 h6 21. h3
b5 22. Rb2 a6 23. e4 R4c7 24. Bb4 Rc1 25. Kh2 R1c2 26. Rbb1 Ra2 27. Kg1 Qc2 28.
Qe3 Qc7 29. Nd2 Qd8 30. d5 a5 31. Bd6 Rcc2 32. Red1 exd5 33. Rxb5 Qc8 34. Bf4
dxe4 35. Nxe4 Nxe4 36. Qxe4 Rxf2 37. Rxd7 Rxf4 38. Qb1 Ra1 39. Qxa1 Qxd7 40. Qe5
Rd4 41. Rxa5 Rd2 42. Rb5 f6 43. Qc5 Qe6 44. Rb4 Kh7 45. a4 f5 46. Kh2 Qg6 47.
Rb5 0-1

[Event "FIDE WGP Tashkent"]
[Site "Tashkent UZB"]
[Date "2013.09.30"]
[Round "11.6"]
[White "Girya, Olga"]
[Black "Koneru, Humpy"]
[Result "1/2-1/2"]
[WhiteTitle "WGM"]
[BlackTitle "GM"]
[WhiteElo "2439"]
[BlackElo "2607"]
[WhiteFideId "4195752"]
[BlackFideId "5008123"]
[EventDate "2013.09.18"]

1. d4 Nf6 2. c4 e6 3. Nf3 b6 4. g3 Bb4+ 5. Bd2 Bxd2+ 6. Qxd2 Ba6 7. b3 O-O 8.
Bg2 d5 9. O-O Nbd7 10. Rc1 c5 11. cxd5 Nxd5 12. Na3 Rc8 13. Nc4 N5f6 14. Qb2
cxd4 15. Nxd4 Bxc4 16. Rxc4 Rxc4 17. bxc4 Nc5 18. Nc6 Qc7 19. Qa3 a5 20. Rd1
Nfd7 21. Qe3 Nb8 22. Qe5 Qxe5 23. Nxe5 f6 24. Nf3 Ne4 25. Rd4 Nc3 26. Rd6 Nxa2
27. Nd4 Nc3 28. Nxe6 Re8 29. Nd4 a4 30. e3 a3 31. Nc2 a2 32. Rd3 Nb1 33. c5 Na6
34. Bd5+ Kf8 35. Bxa2 Nxc5 36. Rd6 Nc3 37. Bc4 b5 38. Rc6 N5e4 39. Bf1 Nd1 40.
f3 Nd2 41. Bxb5 Nxf3+ 42. Kg2 Ne5 43. Rd6 Rc8 44. Rxd1 Rxc2+ 45. Kf1 Rxh2 46.
Rd4 h5 47. Be2 g6 48. Ra4 Kg7 49. Ra6 g5 50. Ra7+ Kg6 51. Ra8 g4 52. Ra4 Kg5 53.
Ra8 h4 54. Rg8+ Kf5 55. gxh4 Rxh4 56. Kg2 Ke6 57. Kg3 Rh3+ 58. Kf4 Kf7 59. Rc8
g3 60. Bf1 Rh1 61. Bg2 Re1 62. Rc3 Kg6 63. Kxg3 Kg5 64. Bf3 Rf1 65. Bg2 Re1 66.
Bf3 Rf1 67. Bg2 Re1 1/2-1/2